00661npc a2200193Ia 4500001001200000003001000012005001700022008004100039040002500080041000700105100002300112245009700135260003900232300001200271500006800283501008400351650001300435700001900448dd33-45968 IT-MiCISF20230219104305.0161014s9999||||xx | und|| aIT-MiCISFcIT-MiCISF ait aAmbrosini Maurizio 0aIl cuore in patria. Madri migranti e affetti lontani: le famiglie transnazionali in Trentino aTrento,bProvincia autonoma,c2007 app. 142 afamiglia-migranti, maternità, rapporti-madre-figli, lavoro /  aIn appendice: Traccia del questionario e Traccia di intervista in profondità  afamiglia aBoccacin Paolo